• 首页
  • 本馆介绍
  • 公告通知
  • 最新文献
  • 馆藏检索
  • 电子资源
  • 读者导购
  • 参考咨询
  • 我的图书馆
  • 登录
  • 详细信息显示
  • 放入我的书架
  • 预约/预借图书
  • 作者相关作品
  • 分类相关作品
  • 丛书相关作品
  • 出版社相关作品

书目信息

  • 表格格式
  • 工作单格式
  • 卡片格式
题名:
从制造到设计
    
 
作者: 杭间 , 冯博一 主编
分册:  
出版信息: 济南   山东美术出版社  2013.11
页数: 221页
开本: 26cm
丛书名: 包豪斯与中国当代设计研究丛书
单 册:
中图分类: J509.516
科图分类:
主题词: 设计--工艺美术史--德国--20世纪 , 设计 , 工艺美术史
电子资源:
ISBN: 978-7-5330-4863-1
000 01246oam2 2200325 450
001 0120131200174
005 20140609153609.37
010    @a978-7-5330-4863-1@dCNY128.00
100    @a20140126d2013 em y0chiy0110 ea
101 0  @achi
102    @aCN@b370000
105    @aa z 000yy
106    @ar
200 1  @a从制造到设计@9cong zhi zao dao she ji@e20世纪德国设计@dFrom manufacture to design@e20th century german design@f杭间,冯博一主编@zeng
210    @a济南@c山东美术出版社@d2013.11
215    @a221页@c图,照片@d26cm
225 2  @a包豪斯与中国当代设计研究丛书
330    @a本书系统全面地回顾了德国设计制造在20世纪的发展历程,并从设计师、制造商与使用者等多个角度来解读设计史上的经典,以当代中国的视角重新理解德国设计与制造互动的历史经验与现实意义。
333    @a德国设计相关读者
461  0 @12001 @a包豪斯与中国当代设计研究丛书
510 1  @aFrom manufacture to design@e20th century german design@zeng
517 1  @a20世纪德国设计@920 shi ji de guo she ji
606 0  @a设计@x工艺美术史@y德国@z20世纪
606 0  @a设计
606 0  @a工艺美术史
690    @aJ509.516@v5
701  0 @a杭间@9hang jian@4主编
701  0 @a冯博一@9feng bo yi@4主编
801  0 @aCN@b人天书店@c20140126
905    @b549890-92@dJ509.516@e346@f3
    
    从制造到设计:20世纪德国设计=From manufacture to design:20th century german design/杭间,冯博一主编.-济南:山东美术出版社,2013.11
    221页:图,照片;26cm.-(包豪斯与中国当代设计研究丛书)
    使用对象:德国设计相关读者
    
    ISBN 978-7-5330-4863-1:CNY128.00
    本书系统全面地回顾了德国设计制造在20世纪的发展历程,并从设计师、制造商与使用者等多个角度来解读设计史上的经典,以当代中国的视角重新理解德国设计与制造互动的历史经验与现实意义。
●
相关链接 在E读中查询图书 在五车中查询图书 在当当中查询图书 在豆瓣中查询图书


正题名:从制造到设计     索取号:J509.516/346         预约/预借

序号 登录号 条形码 馆藏地/架位号 状态 备注
1 549890   205498905   第一样本阅览室/ [索取号:J509.516/346] 在馆    
2 549891   205498914   第一借阅区/ [索取号:J509.516/346] 在馆    
3 549892   205498923   密集书库-资源管理系/ [索取号:J509.516/346] 在馆    
唐山师范学院图书馆 欢迎您!
大连网信软件有限公司© 版权所有